[Event "4th GRENKE Open 2019"]
[Site "Karlsruhe"]
[Date "2019.04.22"]
[Round "8.42"]
[White "Shvayger, Yuliya"]
[Black "Henderson de La Fuente, Lance"]
[Result "1/2-1/2"]
[WhiteElo "2366"]
[BlackElo "2471"]
[Annotator "TA"]
[PlyCount "75"]
[EventDate "2019.04.18"]
[EventType "swiss"]
[EventCountry "GER"]
[SourceTitle "playchess.com"]
[Source "ChessBase"]
[SourceQuality "1"]

1. e4 c5 2. Nf3 e6 3. d4 cxd4 4. Nxd4 Nc6 5. Nc3 Qc7 6. Be3 a6 7. a3 b5 8. Nxc6 dxc6 9. g3 e5 10. Bg2 Nf6 11. h3 Nd7 12. O-O Bc5 13. Qe2 O-O 14. Nd1 Rd8 15. b4 Bf8 16. Nb2 a5 17. c3 Nb6 18. f3 Be6 19. Qf2 Nd7 20. Rfe1 c5 21. Nd3 Rdc8 22. Bf1 c4 23. Nb2 Qb7 24. Bg2 Ra6 25. f4 f6 26. f5 Bf7 27. g4 Rca8 28. Rac1 axb4 29. axb4 Ra2 30. Red1 Be7 31. Rd2 Nf8 32. Kh2 R2a3 33. h4 Be8 34. Nd1 Bc6 35. Qf3 Ra2 36. Rcc2 Rxc2 37. Rxc2 Ra1 38. Rd2 1/2-1/2

[Event "4th GRENKE Open 2019"]
[Site "Karlsruhe"]
[Date "2019.04.22"]
[Round "8.43"]
[White "Nothnagel, Marian Can"]
[Black "Dourerassou, Jonathan"]
[Result "0-1"]
[WhiteElo "2363"]
[BlackElo "2465"]
[Annotator "TA"]
[PlyCount "66"]
[EventDate "2019.04.18"]
[EventType "swiss"]
[EventCountry "GER"]
[SourceTitle "playchess.com"]
[Source "ChessBase"]
[SourceQuality "1"]

1. e4 c5 2. Nf3 Nc6 3. Bb5 Nf6 4. Bxc6 dxc6 5. d3 Nd7 6. Bf4 g6 7. Qc1 Bg7 8. Bh6 Qa5+ 9. c3 Ne5 10. Nxe5 Bxe5 11. Nd2 Be6 12. Nf3 Bc7 13. Qc2 O-O-O 14. Bd2 c4 15. d4 f6 16. h3 Kb8 17. Ke2 Qh5 18. Rag1 g5 19. Be3 Qg6 20. h4 g4 21. Nd2 Qh5 22. Nf1 g3+ 23. f3 Rhf8 24. Qc1 f5 25. e5 c5 26. Nxg3 Qg6 27. Bf2 cxd4 28. cxd4 Bd5 29. f4 Qa6 30. Ke3 Qc6 31. Rh2 Bb6 32. Qc3 Bxd4+ 33. Qxd4 Be4 0-1

[Event "4th GRENKE Open 2019"]
[Site "Karlsruhe"]
[Date "2019.04.22"]
[Round "8.44"]
[White "Petrov, Martin"]
[Black "Khaetsky, Roman"]
[Result "1/2-1/2"]
[WhiteElo "2465"]
[BlackElo "2344"]
[Annotator "TA"]
[PlyCount "39"]
[EventDate "2019.04.18"]
[EventType "swiss"]
[EventCountry "GER"]
[SourceTitle "playchess.com"]
[Source "ChessBase"]
[SourceQuality "1"]

1. e4 e5 2. Nf3 d6 3. d4 exd4 4. Nxd4 Nf6 5. Nc3 Be7 6. Bf4 O-O 7. Qd2 d5 8. Ndb5 Bb4 9. O-O-O c6 10. Nc7 Nxe4 11. Qd4 Bxc3 12. bxc3 Qe7 13. c4 g5 14. Bg3 Nxg3 15. hxg3 Qxc7 16. Qf6 Qd8 17. Qh6 Bf5 18. Bd3 Qd7 19. Qxg5+ Bg6 20. Rxh7 1/2-1/2

[Event "4th GRENKE Open 2019"]
[Site "Karlsruhe"]
[Date "2019.04.22"]
[Round "8.45"]
[White "Van Delft, Merijn"]
[Black "Vrolijk, Liam"]
[Result "1/2-1/2"]
[WhiteElo "2359"]
[BlackElo "2465"]
[Annotator "TA"]
[PlyCount "33"]
[EventDate "2019.04.18"]
[EventType "swiss"]
[EventCountry "GER"]
[SourceTitle "playchess.com"]
[Source "ChessBase"]
[SourceQuality "1"]

1. e4 e5 2. Nf3 Nc6 3. Bb5 g6 4. d4 exd4 5. Bg5 Be7 6. Bxe7 Qxe7 7. Bxc6 dxc6 8. Qxd4 Nf6 9. Nc3 Bg4 10. O-O-O Bxf3 11. gxf3 O-O 12. Qe3 a5 13. Ne2 Rad8 14. Qg5 a4 15. a3 Rxd1+ 16. Rxd1 Re8 17. Ng3 1/2-1/2

[Event "4th GRENKE Open 2019"]
[Site "Karlsruhe"]
[Date "2019.04.22"]
[Round "8.46"]
[White "Fedorovsky, Michael"]
[Black "Daggupati, Balaji"]
[Result "1/2-1/2"]
[WhiteElo "2442"]
[BlackElo "2326"]
[Annotator "TA"]
[PlyCount "39"]
[EventDate "2019.04.18"]
[EventType "swiss"]
[EventCountry "GER"]
[SourceTitle "playchess.com"]
[Source "ChessBase"]
[SourceQuality "1"]

1. Nf3 d5 2. e3 Nf6 3. c4 c6 4. b3 Bf5 5. Bb2 e6 6. Be2 h6 7. O-O Nbd7 8. d3 Be7 9. Nbd2 O-O 10. Rc1 Nc5 11. Ne5 Nfd7 12. Nxd7 Qxd7 13. Nf3 a5 14. Ne5 Qc7 15. Bg4 Bf6 16. cxd5 Bxe5 17. Bxe5 Qxe5 18. Rxc5 Qd6 19. d4 Bxg4 20. Qxg4 1/2-1/2

[Event "4th GRENKE Open 2019"]
[Site "Karlsruhe"]
[Date "2019.04.22"]
[Round "8.47"]
[White "Krastev, Alexander"]
[Black "Korley, Kassa"]
[Result "0-1"]
[WhiteElo "2351"]
[BlackElo "2440"]
[Annotator "TA"]
[PlyCount "60"]
[EventDate "2019.04.18"]
[EventType "swiss"]
[EventCountry "GER"]
[SourceTitle "playchess.com"]
[Source "ChessBase"]
[SourceQuality "1"]

1. Nf3 d5 2. g3 Nf6 3. Bg2 c6 4. O-O Bf5 5. d3 e6 6. Nbd2 h6 7. b3 Be7 8. Bb2 O-O 9. Ne5 Nbd7 10. e4 Bh7 11. Nxd7 Nxd7 12. Qe2 a5 13. a4 Bf6 14. e5 Be7 15. f4 b5 16. Kh1 bxa4 17. Rxa4 Nb6 18. Ra2 a4 19. Rfa1 axb3 20. Rxa8 Nxa8 21. Nxb3 Qb6 22. Ra5 Nc7 23. Bd4 Qb4 24. Bc5 Bxc5 25. Rxc5 Qb6 26. Qd2 Na6 27. Ra5 Nb4 28. Qc3 Bg6 29. h3 Rb8 30. Rc5 Ra8 0-1

[Event "4th GRENKE Open 2019"]
[Site "Karlsruhe"]
[Date "2019.04.22"]
[Round "8.48"]
[White "Froewis, Georg"]
[Black "Petkidis, Anthony"]
[Result "1/2-1/2"]
[WhiteElo "2438"]
[BlackElo "2338"]
[Annotator "TA"]
[PlyCount "54"]
[EventDate "2019.04.18"]
[EventType "swiss"]
[EventCountry "GER"]
[SourceTitle "playchess.com"]
[Source "ChessBase"]
[SourceQuality "1"]

1. g3 d5 2. Bg2 c6 3. c4 Nf6 4. Nf3 Bf5 5. d4 e6 6. Nc3 h6 7. Qb3 Qb6 8. c5 Qc7 9. Bf4 Qc8 10. O-O Be7 11. Rfc1 O-O 12. Qd1 Nbd7 13. b4 Ne4 14. a4 Re8 15. b5 Bd8 16. Na2 Nf8 17. Nd2 Nxd2 18. Qxd2 Ng6 19. Bd6 e5 20. a5 Bg5 21. Qd1 Bxc1 22. Rxc1 a6 23. bxc6 bxc6 24. dxe5 Nxe5 25. Nb4 Ra7 26. Qa4 Bd7 27. e4 dxe4 1/2-1/2

[Event "4th GRENKE Open 2019"]
[Site "Karlsruhe"]
[Date "2019.04.22"]
[Round "8.49"]
[White "Kurmann, Oliver"]
[Black "Moucheroud, Jeremy"]
[Result "1/2-1/2"]
[WhiteElo "2433"]
[BlackElo "2294"]
[Annotator "NA RC"]
[PlyCount "119"]
[EventDate "2019.04.18"]
[EventType "swiss"]
[EventCountry "GER"]
[SourceTitle "playchess.com"]
[Source "ChessBase"]
[SourceQuality "1"]

1. e4 c5 2. Nf3 d6 3. d4 cxd4 4. Nxd4 Nf6 5. Nc3 a6 6. Be2 e5 7. Nb3 Be7 8. Be3 Be6 9. Nd5 Nbd7 10. Qd3 O-O 11. a4 Bxd5 12. exd5 Nc5 13. Nxc5 dxc5 14. c4 e4 15. Qd2 Bd6 16. a5 Qc7 17. g3 Nd7 18. O-O f5 19. Bf4 Ne5 20. Ra3 Nf7 21. Rb3 Bxf4 22. Qxf4 Qxf4 23. gxf4 Nd6 24. Rb6 Rfd8 25. b4 Rac8 26. b5 axb5 27. cxb5 Kf8 28. a6 bxa6 29. bxa6 Ke7 30. Ra1 c4 31. Kf1 c3 32. Ke1 c2 33. Kd2 Nc4+ 34. Bxc4 Rxc4 35. d6+ Rxd6+ 36. Rxd6 Kxd6 37. Kc1 Rc8 38. a7 Ra8 39. Kxc2 g6 40. Kc3 Kc5 41. h4 Kb6 42. Kd4 Kb7 43. Ke5 Re8+ 44. Kf6 Ka8 45. h5 gxh5 46. Kxf5 Rf8+ 47. Kxe4 h4 48. f5 h3 49. Ke5 Re8+ 50. Kd6 Re2 51. f4 Re4 52. Rh1 Rxf4 53. Ke5 Rf3 54. Ke4 Rc3 55. f6 Rc6 56. Rf1 h2 57. f7 h1=Q+ 58. Rxh1 Rf6 59. Rxh7 Rxf7 60. Rxf7 1/2-1/2

[Event "4th GRENKE Open 2019"]
[Site "Karlsruhe"]
[Date "2019.04.22"]
[Round "8.50"]
[White "Franklin, Samuel G A"]
[Black "Monroy, Charles"]
[Result "0-1"]
[WhiteElo "2344"]
[BlackElo "2433"]
[Annotator "TA"]
[PlyCount "78"]
[EventDate "2019.04.18"]
[EventType "swiss"]
[EventCountry "GER"]
[SourceTitle "playchess.com"]
[Source "ChessBase"]
[SourceQuality "1"]

1. e4 d6 2. d4 Nf6 3. Nc3 e5 4. Nf3 Nbd7 5. Bc4 Be7 6. a4 O-O 7. O-O c6 8. h3 b6 9. Qe2 a6 10. Rd1 Qc7 11. Ba2 Bb7 12. Nh4 exd4 13. Rxd4 Rae8 14. Nf5 d5 15. Nxe7+ Rxe7 16. Bg5 Qe5 17. Qd2 c5 18. Rxd5 Bxd5 19. exd5 Qd4 20. d6 Re5 21. Rd1 Qb4 22. Bxf6 Nxf6 23. d7 Rd8 24. Qd6 Qf4 25. g3 Qf5 26. Qxb6 Rxd7 27. Rxd7 Qxd7 28. Kg2 h5 29. Qxa6 h4 30. gxh4 Nh5 31. Qa8+ Kh7 32. Qf3 Rf5 33. Qe4 Nf4+ 34. Kg3 g6 35. Bc4 Qd6 36. Nb5 Qb8 37. Qe7 Ne2+ 38. Kg2 Qa8+ 39. Kf1 Ng3+ 0-1

[Event "4th GRENKE Open 2019"]
[Site "Karlsruhe"]
[Date "2019.04.22"]
[Round "8.51"]
[White "Krause, Jonah"]
[Black "Ginsburg, Gennadi"]
[Result "1/2-1/2"]
[WhiteElo "2343"]
[BlackElo "2430"]
[Annotator "TA"]
[PlyCount "143"]
[EventDate "2019.04.18"]
[EventType "swiss"]
[EventCountry "GER"]
[SourceTitle "playchess.com"]
[Source "ChessBase"]
[SourceQuality "1"]

1. Nf3 d5 2. d4 e6 3. c4 c5 4. cxd5 exd5 5. Nc3 Nc6 6. g3 Nf6 7. Bg2 Be7 8. O-O O-O 9. dxc5 Bxc5 10. Na4 Be7 11. Be3 Re8 12. Nd4 Bg4 13. Rc1 Qd7 14. Nxc6 bxc6 15. Re1 Bh3 16. Bh1 Bb4 17. Bd2 Bd6 18. a3 Rac8 19. b4 Qf5 20. Bc3 Ne4 21. Bd4 Bf4 22. Rc2 Qg6 23. Bg2 Bf5 24. Ra2 h5 25. Nc5 Nd6 26. e3 Bg5 27. a4 Bd8 28. b5 cxb5 29. Bxd5 Ba5 30. Ree2 Bb6 31. Nb3 bxa4 32. Rxa4 Bg4 33. f3 Bd7 34. Ra1 Bb5 35. Re1 Nf5 36. Bxb6 Qxb6 37. Be4 Nxe3 38. Qd4 Nc2 39. Bxc2 Rxe1+ 40. Rxe1 Rxc2 41. Qxb6 axb6 42. Nd4 Rb2 43. Re5 Bc4 44. Rxh5 Rd2 45. Nc6 g6 46. Re5 Kg7 47. Re4 b5 48. Ne5 Bd5 49. Re3 Be6 50. Nd3 Bf5 51. Ne1 Rb2 52. g4 Bb1 53. h3 b4 54. Kf1 b3 55. Rc3 Ba2 56. Nd3 Rd2 57. Ke1 Rxd3 58. Rxd3 b2 59. Rd1 g5 60. Kf2 b1=Q 61. Rxb1 Bxb1 62. f4 Kf6 63. Kg3 Bc2 64. Kf3 Bd3 65. Kg3 Bf1 66. h4 gxh4+ 67. Kxh4 Be2 68. Kh5 Bd1 69. Kh4 Kg6 70. Kg3 f6 71. Kh4 Kf7 72. Kg3 1/2-1/2

[Event "4th GRENKE Open 2019"]
[Site "Karlsruhe"]
[Date "2019.04.22"]
[Round "8.52"]
[White "Manea, Alexandru"]
[Black "Mendonca, Leon Luke"]
[Result "1-0"]
[WhiteElo "2326"]
[BlackElo "2427"]
[Annotator "TA"]
[PlyCount "125"]
[EventDate "2019.04.18"]
[EventType "swiss"]
[EventCountry "GER"]
[SourceTitle "playchess.com"]
[Source "ChessBase"]
[SourceQuality "1"]

1. Nf3 Nf6 2. c4 g6 3. d4 Bg7 4. g3 O-O 5. Bg2 d6 6. O-O Nc6 7. Nc3 a6 8. Bf4 Ng4 9. h3 e5 10. Bg5 f6 11. Bc1 Nh6 12. dxe5 fxe5 13. Ng5 Kh8 14. c5 Nf5 15. Nge4 dxc5 16. Qxd8 Nxd8 17. Nxc5 Rb8 18. Rd1 Ne6 19. Nd7 Bxd7 20. Rxd7 c6 21. Ne4 Rfd8 22. Rxd8+ Rxd8 23. Bd2 Kg8 24. Kf1 Rd7 25. Ke1 Nd6 26. Rc1 Nxe4 27. Bxe4 Kf7 28. h4 Bf6 29. e3 Nc7 30. Ke2 Nd5 31. h5 Ne7 32. Rh1 Kg7 33. Ba5 Kf7 34. Bc3 Bg7 35. Ba5 Bf6 36. Bd2 Bg7 37. Be1 Nd5 38. Bc2 Rd8 39. Bd2 Rd7 40. Rh4 Ne7 41. Bb3+ Kf8 42. hxg6 hxg6 43. Bb4 b6 44. Ba4 Kf7 45. Bxe7 Rxe7 46. Bxc6 Rc7 47. Be4 Bf6 48. Rh6 g5 49. Bd3 b5 50. Kf3 Rc1 51. Kg4 Rd1 52. Be4 Rd2 53. f3 Ke6 54. Bf5+ Kf7 55. Rh7+ Bg7 56. Kxg5 Rxb2 57. Bg6+ Kg8 58. Be4 Rd2 59. Rh1 b4 60. Rc1 a5 61. Rc8+ Bf8 62. Ra8 Re2 63. Kf6 1-0

[Event "4th GRENKE Open 2019"]
[Site "Karlsruhe"]
[Date "2019.04.22"]
[Round "8.53"]
[White "Hess, Max"]
[Black "Gilevych, Artem"]
[Result "0-1"]
[WhiteElo "2307"]
[BlackElo "2423"]
[Annotator "TA"]
[PlyCount "114"]
[EventDate "2019.04.18"]
[EventType "swiss"]
[EventCountry "GER"]
[SourceTitle "playchess.com"]
[Source "ChessBase"]
[SourceQuality "1"]

1. d4 d5 2. c4 e6 3. Nc3 Bb4 4. e3 Nf6 5. cxd5 exd5 6. Nf3 O-O 7. Bd3 c5 8. a3 Bxc3+ 9. bxc3 c4 10. Bb1 Bg4 11. Qc2 Bxf3 12. gxf3 Re8 13. Qf5 Nc6 14. Ra2 g6 15. Qg5 Nh5 16. Qxd8 Raxd8 17. e4 b5 18. Rb2 a6 19. O-O Kg7 20. Re1 Re6 21. Rbe2 h6 22. f4 dxe4 23. Bxe4 Nf6 24. f3 Nd5 25. Bd2 Nce7 26. Kf2 Rdd6 27. Rb1 f5 28. Bc2 Rxe2+ 29. Kxe2 Nc6 30. Kf2 Re6 31. Bd1 Kf7 32. a4 Na7 33. Ra1 Nc8 34. axb5 axb5 35. Ra5 Rb6 36. Be2 Nc7 37. Ke3 Re6+ 38. Kf2 Ke7 39. Ra2 Ra6 40. Rxa6 Nxa6 41. Bc1 Nb6 42. Ba3+ Ke6 43. Bf8 Nd5 44. Bxh6 Nxc3 45. Bf1 Kd5 46. Ke3 b4 47. Kd2 Nb5 48. Bf8 Nxd4 49. Ke3 Nc5 50. Bg7 Ncb3 51. h4 c3 52. Bxd4 Nxd4 53. Kd3 Ne6 54. Ke3 b3 55. Kd3 b2 56. Kc2 Nd4+ 57. Kb1 Nxf3 0-1

[Event "4th GRENKE Open 2019"]
[Site "Karlsruhe"]
[Date "2019.04.22"]
[Round "8.54"]
[White "Stein, Robert"]
[Black "Low, Zhen Yu Cyrus"]
[Result "0-1"]
[WhiteElo "2287"]
[BlackElo "2418"]
[Annotator "TA"]
[PlyCount "58"]
[EventDate "2019.04.18"]
[EventType "swiss"]
[EventCountry "GER"]
[SourceTitle "playchess.com"]
[Source "ChessBase"]
[SourceQuality "1"]

1. d4 Nf6 2. c4 g6 3. g3 Bg7 4. Bg2 d5 5. cxd5 Nxd5 6. Nf3 Nb6 7. Nc3 Nc6 8. e3 O-O 9. O-O Re8 10. Nh4 e5 11. d5 Nb4 12. a3 Na6 13. Qc2 Qe7 14. e4 c6 15. dxc6 bxc6 16. b4 Nc7 17. Na4 Ne6 18. Nf3 Ba6 19. Rd1 Bb5 20. Nb2 Nd4 21. Nxd4 exd4 22. a4 Ba6 23. a5 Nd7 24. Bd2 Be2 25. Re1 d3 26. Nxd3 Bxa1 27. Rxa1 Rad8 28. Re1 Bxd3 29. Qxd3 c5 0-1

[Event "4th GRENKE Open 2019"]
[Site "Karlsruhe"]
[Date "2019.04.22"]
[Round "8.55"]
[White "Agrest, Inna"]
[Black "Kopylov, Michael"]
[Result "1-0"]
[WhiteElo "2276"]
[BlackElo "2414"]
[Annotator "TA"]
[PlyCount "51"]
[EventDate "2019.04.18"]
[EventType "swiss"]
[EventCountry "GER"]
[SourceTitle "playchess.com"]
[Source "ChessBase"]
[SourceQuality "1"]

1. e4 c5 2. Nf3 d6 3. d4 cxd4 4. Nxd4 Nf6 5. Nc3 a6 6. Bg5 e6 7. f4 b5 8. e5 dxe5 9. fxe5 Qc7 10. exf6 Qe5+ 11. Be2 Qxg5 12. Qd3 Ra7 13. Ne4 Qe5 14. Nf3 Qxb2 15. O-O Rd7 16. Qe3 Bb7 17. Rab1 Qxc2 18. Nfg5 Qc7 19. Rbd1 Qe5 20. Rxd7 Nxd7 21. fxg7 Bxg7 22. Nxf7 Qd4 23. Ned6+ Kf8 24. Ne5+ Kg8 25. Qxd4 Nxe5 26. Qa7 1-0

[Event "4th GRENKE Open 2019"]
[Site "Karlsruhe"]
[Date "2019.04.22"]
[Round "8.56"]
[White "Koelle, Tobias"]
[Black "Ahlander, Bjorn"]
[Result "1/2-1/2"]
[WhiteElo "2198"]
[BlackElo "2410"]
[Annotator "TA"]
[PlyCount "127"]
[EventDate "2019.04.18"]
[EventType "swiss"]
[EventCountry "GER"]
[SourceTitle "playchess.com"]
[Source "ChessBase"]
[SourceQuality "1"]

1. d4 Nf6 2. c4 e6 3. Nc3 d5 4. cxd5 exd5 5. Bg5 c6 6. e3 h6 7. Bh4 Be7 8. Bd3 Nbd7 9. Nf3 Nh5 10. Bxe7 Qxe7 11. O-O O-O 12. Re1 Nhf6 13. Qc2 Qd6 14. a3 a5 15. Rab1 b6 16. h3 Bb7 17. Nh4 Rfe8 18. Nf5 Qf8 19. Rbd1 Re6 20. Qe2 Rae8 21. Ng3 b5 22. Qf3 Nh7 23. h4 Rf6 24. Qg4 Bc8 25. Nh5 Rd6 26. Qg3 g6 27. Nf4 Ndf6 28. f3 Red8 29. Bc2 Qg7 30. e4 dxe4 31. fxe4 Rxd4 32. Rxd4 Rxd4 33. e5 Nh5 34. Nxh5 gxh5 35. Qf2 Rd8 36. Bxh7+ Qxh7 37. Ne4 Qf5 38. Qg3+ Qg6 39. Nf6+ Kf8 40. e6 Qxg3 41. e7+ Kg7 42. Nxh5+ Kg6 43. Nxg3 Re8 44. Ne2 f6 45. Nd4 Bd7 46. Kf2 Kf7 47. Nb3 a4 48. Nc5 Rxe7 49. Rxe7+ Kxe7 50. Ke3 Kd6 51. Kd4 Bf5 52. g3 h5 53. Nb7+ Kc7 54. Nc5 Kb6 55. Ne4 Bg6 56. Nxf6 c5+ 57. Kd5 Bf7+ 58. Kd6 b4 59. Nd7+ Kb5 60. Nxc5 bxa3 61. bxa3 Bg8 62. Ne4 Kc4 63. Nc5 Kb5 64. Ne4 1/2-1/2

[Event "4th GRENKE Open 2019"]
[Site "Karlsruhe"]
[Date "2019.04.22"]
[Round "8.57"]
[White "Elgersma, Onno"]
[Black "Thinius, Marco"]
[Result "0-1"]
[WhiteElo "2174"]
[BlackElo "2406"]
[Annotator "TA"]
[PlyCount "84"]
[EventDate "2019.04.18"]
[EventType "swiss"]
[EventCountry "GER"]
[SourceTitle "playchess.com"]
[Source "ChessBase"]
[SourceQuality "1"]

1. e4 c5 2. Nf3 e6 3. d4 cxd4 4. Nxd4 Nc6 5. Nc3 Qc7 6. g3 a6 7. Bg2 Nge7 8. Nb3 Ne5 9. a4 b6 10. O-O Bb7 11. Qe2 Rc8 12. Rd1 N7g6 13. Nd4 Bb4 14. Bd2 Qc4 15. Be1 O-O 16. Kh1 Rfd8 17. Rab1 Qxe2 18. Ndxe2 Ne7 19. f4 Ng4 20. Rd3 Bc5 21. Bf3 Ne3 22. b4 Nxc2 23. bxc5 Nxe1 24. Rxe1 bxc5 25. Red1 Rc7 26. Bg2 f6 27. e5 Bxg2+ 28. Kxg2 c4 29. Rd4 Kf7 30. g4 fxe5 31. fxe5 Ng6 32. Rf1+ Ke7 33. Re4 Rc5 34. Nf4 Nxe5 35. h3 Rb8 36. Rd1 Rb2+ 37. Kf1 Nf3 38. Ncd5+ Kf7 39. Nxe6 dxe6 40. Rf4+ Ke8 41. Nc3 Nd2+ 42. Ke1 Re5+ 0-1

[Event "4th GRENKE Open 2019"]
[Site "Karlsruhe"]
[Date "2019.04.22"]
[Round "8.58"]
[White "Bogner, Sebastian"]
[Black "Chittka, Julius"]
[Result "1/2-1/2"]
[WhiteElo "2603"]
[BlackElo "2268"]
[Annotator "TA"]
[PlyCount "86"]
[EventDate "2019.04.18"]
[EventType "swiss"]
[EventCountry "GER"]
[SourceTitle "playchess.com"]
[Source "ChessBase"]
[SourceQuality "1"]

1. c4 g6 2. Nf3 Bg7 3. Nc3 c5 4. d4 cxd4 5. Nxd4 Nc6 6. Nc2 Bxc3+ 7. bxc3 Nf6 8. f3 O-O 9. e4 d6 10. Ne3 Bd7 11. Nd5 e6 12. Ne3 Qa5 13. Kf2 Qc5 14. a4 Ne8 15. Ba3 Qh5 16. c5 f5 17. exf5 gxf5 18. cxd6 f4 19. Ng4 Nf6 20. Nxf6+ Rxf6 21. Bd3 Kf7 22. Qe2 Rg8 23. Be4 Ke8 24. Kf1 e5 25. Rb1 Rxg2 26. Qxg2 Bh3 27. Rxb7 Bxg2+ 28. Kxg2 Rg6+ 29. Kf2 Na5 30. Re7+ Kd8 31. Bb4 Qh4+ 32. Ke2 Rg2+ 33. Kd3 Rd2+ 34. Kxd2 Qf2+ 35. Kc1 Nb3+ 36. Kb1 Nd2+ 37. Ka1 Nb3+ 38. Kb1 Nd2+ 39. Ka2 Nc4+ 40. Kb3 Nd2+ 41. Ka2 Nc4+ 42. Kb3 Nd2+ 43. Ka2 Nc4+ 1/2-1/2

[Event "4th GRENKE Open 2019"]
[Site "Karlsruhe"]
[Date "2019.04.22"]
[Round "8.60"]
[White "Nyysti, Sampsa"]
[Black "Sanal, Vahap"]
[Result "1/2-1/2"]
[WhiteElo "2309"]
[BlackElo "2513"]
[Annotator "TA"]
[PlyCount "109"]
[EventDate "2019.04.18"]
[EventType "swiss"]
[EventCountry "GER"]
[SourceTitle "playchess.com"]
[Source "ChessBase"]
[SourceQuality "1"]

1. e4 e5 2. Nf3 Nc6 3. d4 exd4 4. Nxd4 Qf6 5. Nxc6 Bc5 6. Qf3 bxc6 7. Be2 d6 8. O-O Qg6 9. Nd2 Ne7 10. Nb3 Bb6 11. c4 O-O 12. c5 dxc5 13. Be3 f5 14. Nxc5 fxe4 15. Qxe4 Nf5 16. Rac1 Re8 17. Qf4 Qd6 18. Bf3 Qxf4 19. Bxf4 Nd4 20. Bh5 g6 21. Bd1 Ne2+ 22. Bxe2 Rxe2 23. Na4 Ba6 24. Nxb6 cxb6 25. Rfd1 Rae8 26. h3 c5 27. Rd7 R2e7 28. Rcd1 Bb5 29. Rxe7 Rxe7 30. f3 Kf7 31. Rd2 Bc4 32. a3 Be6 33. Kf2 Bf5 34. g4 Bb1 35. Bg5 Rb7 36. Rd8 Ke6 37. Kg3 Bc2 38. Be3 Rd7 39. Rxd7 Kxd7 40. Kh4 Ke6 41. Kg5 Kf7 42. Bf4 b5 43. Be3 b4 44. axb4 cxb4 45. Bxa7 Bd1 46. f4 h5 47. gxh5 gxh5 48. Bc5 b3 49. Bd4 Be2 50. Bc3 Bf1 51. h4 Be2 52. Bd4 Bd1 53. Bc3 Be2 54. Bd4 Bd1 55. Bc3 1/2-1/2

[Event "4th GRENKE Open 2019"]
[Site "Karlsruhe"]
[Date "2019.04.22"]
[Round "8.61"]
[White "Schippers, Maurice"]
[Black "Schneider, Ilja"]
[Result "0-1"]
[WhiteElo "2306"]
[BlackElo "2504"]
[Annotator "RC"]
[PlyCount "72"]
[EventDate "2019.04.18"]
[EventType "swiss"]
[EventCountry "GER"]
[SourceTitle "playchess.com"]
[Source "ChessBase"]
[SourceQuality "1"]

1. e4 c6 2. d4 d5 3. Nc3 a6 4. Nf3 Bg4 5. h3 Bh5 6. g4 Bg6 7. Ne5 Bxe4 8. Nxe4 dxe4 9. Bg2 Nd7 10. Nc4 Nb6 11. Ne3 Nf6 12. g5 Nfd5 13. Bxe4 e6 14. Qf3 Bb4+ 15. Kf1 Be7 16. h4 f5 17. gxf6 Nxf6 18. c3 O-O 19. Bc2 c5 20. Qxb7 cxd4 21. cxd4 Kh8 22. Rg1 Nfd5 23. Nxd5 Nxd5 24. Qb3 Bxh4 25. Rg2 Bxf2 26. Qh3 Be3+ 27. Ke1 Qa5+ 28. Rd2 h6 29. Kd1 Rf6 30. Re2 Raf8 31. Re1 Bxc1 32. Rxc1 Rf2 33. Qd3 Ne3+ 34. Qxe3 Qh5+ 35. Re2 Rxe2 36. Qxe2 Rf1+ 0-1

[Event "4th GRENKE Open 2019"]
[Site "Karlsruhe"]
[Date "2019.04.22"]
[Round "8.62"]
[White "Swayams, Mishra"]
[Black "Nandhidhaa, P V"]
[Result "1-0"]
[WhiteElo "2478"]
[BlackElo "2314"]
[Annotator "RC"]
[PlyCount "93"]
[EventDate "2019.04.18"]
[EventType "swiss"]
[EventCountry "GER"]
[SourceTitle "playchess.com"]
[Source "ChessBase"]
[SourceQuality "1"]

1. Nf3 c5 2. c4 Nf6 3. b3 d6 4. Bb2 Nc6 5. g3 e5 6. d3 g6 7. Bg2 Bg7 8. O-O O-O 9. Nc3 h6 10. Nd2 Be6 11. Nd5 Bxd5 12. cxd5 Nb4 13. Ne4 Nfxd5 14. Nd2 Ne7 15. Bxb7 Rb8 16. Bg2 a5 17. Nc4 Qc7 18. e4 Nec6 19. Qd2 Rfd8 20. f4 exf4 21. Bxg7 Kxg7 22. gxf4 d5 23. exd5 Nxd5 24. f5 g5 25. f6+ Kg8 26. Rae1 Nf4 27. Rxf4 gxf4 28. Qe2 Qd7 29. Bxc6 Qd4+ 30. Kh1 Qxf6 31. Be4 Kh8 32. Qf2 a4 33. bxa4 Rb4 34. a5 Rdb8 35. Qxc5 f3 36. Nd2 Ra4 37. a3 Rg8 38. Rf1 Qb2 39. Qe3 Rg5 40. Qxf3 Qxd2 41. Qf6+ Rg7 42. Qd8+ Rg8 43. Qf6+ Rg7 44. Rg1 Qg5 45. Rxg5 hxg5 46. Qh6+ Kg8 47. Qc6 1-0

[Event "4th GRENKE Open 2019"]
[Site "Karlsruhe"]
[Date "2019.04.22"]
[Round "8.63"]
[White "Lodici, Lorenzo"]
[Black "Ruff, Maximilian"]
[Result "1-0"]
[WhiteElo "2463"]
[BlackElo "2313"]
[Annotator "TA"]
[PlyCount "57"]
[EventDate "2019.04.18"]
[EventType "swiss"]
[EventCountry "GER"]
[SourceTitle "playchess.com"]
[Source "ChessBase"]
[SourceQuality "1"]

1. Nf3 c5 2. b3 d5 3. e3 Nf6 4. Bb2 e6 5. c4 dxc4 6. Bxc4 Nc6 7. Nc3 Be7 8. a3 O-O 9. Qc2 b6 10. g4 Bb7 11. g5 Nd7 12. Ne4 Qc7 13. Rg1 Kh8 14. Rg3 Nce5 15. Nxe5 Nxe5 16. Rh3 Ng6 17. Nf6 gxf6 18. gxf6 Bd6 19. Qd1 Nf4 20. Qg4 Rg8 21. Rxh7+ Kxh7 22. Qh4+ Kg6 23. exf4 Kf5 24. Bd3+ Be4 25. Qh3+ Kxf4 26. Qe3+ Kg4 27. Qxe4+ Bf4 28. Qh7 Bxd2+ 29. Ke2 1-0

[Event "4th GRENKE Open 2019"]
[Site "Karlsruhe"]
[Date "2019.04.22"]
[Round "8.64"]
[White "Kenneskog, Theodor"]
[Black "Lubbe, Nikolas"]
[Result "1-0"]
[WhiteElo "2306"]
[BlackElo "2452"]
[Annotator "TA"]
[PlyCount "104"]
[EventDate "2019.04.18"]
[EventType "swiss"]
[EventCountry "GER"]
[SourceTitle "playchess.com"]
[Source "ChessBase"]
[SourceQuality "1"]

1. d4 d5 2. c4 e6 3. Nc3 Nf6 4. cxd5 exd5 5. Bg5 Be7 6. e3 c6 7. Bd3 Nbd7 8. Qc2 h6 9. Bf4 O-O 10. Nf3 Nh5 11. Bg3 Nxg3 12. hxg3 Nf6 13. O-O-O Bd6 14. Kb1 Re8 15. Nh4 Bg4 16. Rde1 c5 17. Bf5 Bxf5 18. Nxf5 Bf8 19. dxc5 Rc8 20. f3 Rxc5 21. g4 g6 22. Nxh6+ Bxh6 23. Rxh6 d4 24. Rd1 Rxe3 25. Qd2 Rcxc3 26. bxc3 Nd5 27. Ka1 d3 28. Rdh1 Qe7 29. Rh8+ Kg7 30. R8h7+ Kf6 31. g5+ Kxg5 32. f4+ Kf6 33. f5 gxf5 34. R7h6+ Ke5 35. Re1 Qc5 36. Rhh1 Kf6 37. Rxe3 Qxe3 38. Rd1 Qxd2 39. Rxd2 Ne3 40. g3 f4 41. gxf4 Kf5 42. Rxd3 Kxf4 43. Rd7 f5 44. Rxb7 Ke4 45. Rxa7 f4 46. Re7+ Kd3 47. a4 f3 48. a5 Nf5 49. Rd7+ Ke4 50. a6 f2 51. Rd1 Ne3 52. Rh1 Kd5 1-0

[Event "4th GRENKE Open 2019"]
[Site "Karlsruhe"]
[Date "2019.04.22"]
[Round "8.65"]
[White "Kilgus, Georg"]
[Black "Svane, Frederik"]
[Result "1/2-1/2"]
[WhiteElo "2429"]
[BlackElo "2309"]
[Annotator "TA"]
[PlyCount "53"]
[EventDate "2019.04.18"]
[EventType "swiss"]
[EventCountry "GER"]
[SourceTitle "playchess.com"]
[Source "ChessBase"]
[SourceQuality "1"]

1. e4 c5 2. Nf3 e6 3. g3 Nc6 4. Bg2 Nf6 5. Qe2 e5 6. Na3 Be7 7. Nc4 d6 8. O-O O-O 9. d3 h6 10. c3 Re8 11. Re1 Bf8 12. Qc2 b5 13. Ne3 Be6 14. a4 a6 15. Nd2 Rb8 16. Nd5 Bxd5 17. exd5 Ne7 18. Qb3 Qd7 19. axb5 axb5 20. Ra5 Rec8 21. Nf1 Ne8 22. Bd2 Nc7 23. Ne3 Re8 24. Rea1 g6 25. Ra7 Nc8 26. R7a5 Bg7 27. Qd1 1/2-1/2